Distritos de São Paulo (Estado) em um Mapa - Statistics

Estatísticas Gerais
  • Esse quiz foi jogado 389 vezes
  • A pontuação média é 85 de 1039
Respostas no mapa
Respostas codificadas por cores de uma escala verde-vermelha no mapa do quiz de acordo com a % correta abaixo.
 
Estatísticas das Respostas
Município Distrito % Correto
Santos Santos
63%
Campinas Campinas
59%
Guarulhos Guarulhos
54%
São Bernardo do Campo São Bernardo do Campo
54%
Osasco Osasco
53%
Ribeira Ribeira
52%
São Paulo
48%
Santo André Santo André
45%
Mogi das Cruzes Mogi das Cruzes
44%
Sorocaba Sorocaba
43%
Guarujá Guarujá
42%
Itu Itu
42%
Ribeirão Preto Ribeirão Preto
42%
Jundiaí Jundiaí
41%
São Caetano do Sul São Caetano do Sul
41%
Bauru Bauru
40%
Diadema Diadema
40%
Praia Grande Praia Grande
40%
Presidente Prudente Presidente Prudente
40%
São Vicente São Vicente
40%
São Paulo Itaquera
39%
São Paulo Morumbi
39%
São José dos Campos São José dos Campos
39%
São Paulo Brás
38%
Ubatuba Ubatuba
38%
São José do Rio Preto São José do Rio Preto
37%
São Paulo Santana
36%
Piracicaba Piracicaba
35%
Barueri Barueri
34%
Ilhabela Ilhabela
34%
São Paulo Liberdade
34%
Suzano Suzano
34%
Marília Marília
32%
São Paulo Mooca
32%
Taubaté Taubaté
32%
Atibaia Atibaia
31%
Bertioga Bertioga
31%
Campos do Jordão Campos do Jordão
31%
Embu das Artes Embu das Artes
31%
Franca Franca
31%
Guará Guará
31%
Itaí Itaí
31%
Itaquaquecetuba Itaquaquecetuba
31%
Mauá Mauá
31%
Lavrinhas | São Paulo Pinheiros
31%
São Paulo Santo Amaro
31%
São Paulo Tatuapé
31%
São Paulo Vila Maria
31%
Araraquara Araraquara
30%
Cotia Cotia
30%
Limeira Limeira
30%
São Carlos São Carlos
30%
Aparecida Aparecida
29%
São Paulo Barra Funda
29%
Botucatu Botucatu
29%
Cubatão Cubatão
29%
São Paulo Grajaú
29%
Mogi Mirim Mogi Mirim
29%
Taboão da Serra Taboão da Serra
29%
Americana Americana
28%
Bragança Paulista Bragança Paulista
28%
Campo Limpo Paulista Campo Limpo Paulista
28%
São Paulo Capão Redondo
28%
Itanhaém Itanhaém
28%
Peruíbe Peruíbe
28%
São Sebastião São Sebastião
28%
São Paulo Butantã
27%
São Paulo Campo Limpo
27%
Caraguatatuba Caraguatatuba
27%
São Paulo Lapa
27%
Mogi Guaçu Mogi Guaçu
27%
Pindamonhangaba Pindamonhangaba
27%
Barretos Barretos
26%
Rio Claro Rio Claro
26%
Socorro | São Paulo Socorro
26%
São Paulo | Tremembé Tremembé
26%
Franco da Rocha Franco da Rocha
25%
Itapevi Itapevi
25%
Jaguariúna Jaguariúna
25%
São Paulo Marsilac
25%
Mongaguá Mongaguá
25%
São Paulo Parelheiros
25%
São Paulo São Miguel
25%
São Paulo Tucuruvi
25%
Águas de Lindóia Águas de Lindóia
24%
Ferraz de Vasconcelos Ferraz de Vasconcelos
24%
São Paulo Ipiranga
24%
São Paulo São Mateus
24%
São Roque São Roque
24%
Valinhos Valinhos
24%
São Paulo Vila Mariana
24%
Araçatuba Araçatuba
23%
Araras Araras
23%
Carapicuíba Carapicuíba
23%
Holambra Holambra
23%
São Paulo Itaim Bibi
23%
São Paulo Jabaquara
23%
São Paulo Moema
23%
São Paulo Perdizes
23%
São Paulo Pirituba
23%
Ribeirão Pires Ribeirão Pires
23%
Campina do Monte Alegre | Salto Salto
23%
São Paulo Campo Belo
22%
São Paulo Consolação
22%
Indaiatuba Indaiatuba
22%
Itapecerica da Serra Itapecerica da Serra
22%
Jandira Jandira
22%
Lorena Lorena
22%
Mairiporã Mairiporã
22%
Ourinhos Ourinhos
22%
São Paulo Penha
22%
Santa Bárbara d'Oeste Santa Bárbara d'Oeste
22%
São Pedro São Pedro
22%
São Paulo Vila Matilde
22%
Birigui Birigui
21%
São Paulo Brasilândia
21%
Caieiras Caieiras
21%
Pederneiras Guaianás
21%
Guaratinguetá Guaratinguetá
21%
Ilha Comprida Ilha Comprida
21%
Poá Poá
21%
Sumaré Sumaré
21%
Tietê Tietê
21%
Arujá Arujá
20%
Cajamar Cajamar
20%
Embu-Guaçu Embu-Guaçu
20%
São Paulo Freguesia do Ó
20%
Itapetininga Itapetininga
20%
São Paulo Jaçanã
20%
Cabreúva Jacaré
20%
Lins Lins
20%
Mirassol Mirassol
20%
São Paulo República
20%
Sertãozinho Sertãozinho
20%
São Paulo Anhanguera
19%
São Paulo Aricanduva
19%
São Paulo Bela Vista
19%
São Paulo Bom Retiro
19%
Cruzeiro Cruzeiro
19%
Hortolândia Hortolândia
19%
Iguape Iguape
19%
São Paulo Itaim Paulista
19%
Lindóia Lindóia
19%
São Paulo Perus
19%
Capela do Alto Porto
19%
São Paulo Santa Cecília
19%
Santana de Parnaíba Santana de Parnaíba
19%
São Paulo Vila Prudente
19%
São Paulo Vila Sônia
19%
Votuporanga Votuporanga
19%
Assis Assis
18%
Cananéia Cananéia
18%
Francisco Morato Francisco Morato
18%
José Bonifácio | São Paulo José Bonifácio
18%
Paulínia Paulínia
18%
São Paulo Sapopemba
18%
São Paulo Saúde
18%
Várzea Paulista Várzea Paulista
18%
Vinhedo Vinhedo
18%
Votorantim Votorantim
18%
Caçapava Caçapava
17%
Jaboticabal Jaboticabal
17%
São Paulo Jardim Ângela
17%
Paraíso Paraíso
17%
Presidente Epitácio Presidente Epitácio
17%
Sales Sales
17%
Bananal Bananal
16%
São Paulo Cachoeirinha
16%
São Paulo Campo Grande
16%
São Paulo Casa Verde
16%
São Paulo Cidade Dutra
16%
São Paulo Cidade Tiradentes
16%
São Paulo Ermelino Matarazzo
16%
São Paulo Guaianases
16%
Ibirá Ibirá
16%
Ilha Solteira Ilha Solteira
16%
Jacareí Jacareí
16%
São Paulo Jaraguá
16%
São Paulo Jardim Paulista
16%
Jaú Jaú
16%
Leme Leme
16%
Novo Horizonte Novo Horizonte
16%
Olímpia Olímpia
16%
Pedreira | São Paulo Pedreira
16%
Presidente Venceslau Presidente Venceslau
16%
Registro Registro
16%
Rosana Rosana
16%
Santa Isabel Santa Isabel
16%
São José do Rio Pardo São José do Rio Pardo
16%
Adamantina Adamantina
15%
Amparo Amparo
15%
São Paulo Belém
15%
Brotas Brotas
15%
São Paulo Cambuci
15%
Catanduva Catanduva
15%
Cunha Cunha
15%
São Paulo Jaguaré
15%
São Paulo Limão
15%
Piedade Piedade
15%
Rio Grande da Serra Rio Grande da Serra
15%
São Paulo São Lucas
15%
Águas de São Pedro Águas de São Pedro
14%
Alumínio Alumínio
14%
Bebedouro Bebedouro
14%
São Paulo Carrão
14%
São Paulo Iguatemi
14%
Pacaembu Pacaembu
14%
São Paulo Água Rasa
13%
Andradina Andradina
13%
São Paulo Artur Alvim
13%
Avaré Avaré
13%
Cachoeira Paulista Cachoeira Paulista
13%
Fernandópolis Fernandópolis
13%
Ibiúna Ibiúna
13%
Itapeva Itapeva
13%
Itapira Itapira
13%
Itápolis Itápolis
13%
Lençóis Paulista Lençóis Paulista
13%
Monteiro Lobato Monteiro Lobato
13%
São Paulo Pari
13%
Penápolis Penápolis
13%
São Paulo São Domingos
13%
São Francisco São Francisco
13%
São João da Boa Vista São João da Boa Vista
13%
São Joaquim da Barra São Joaquim da Barra
13%
São Paulo São Rafael
13%
Serra Negra Serra Negra
13%
Tupã Tupã
13%
São Paulo Vila Formosa
13%
São Paulo Vila Guilherme
13%
Boituva Boituva
12%
Buri Buri
12%
Conchas Conchas
12%
Itupeva Itupeva
12%
Jales Jales
12%
São Paulo Jardim Helena
12%
São Paulo Lajeado
12%
Matão Matão
12%
Monte Alto Monte Alto
12%
Santo André Paranapiacaba
12%
Queluz Queluz
12%
Ribeirão Branco Ribeirão Branco
12%
São Paulo Sacomã
12%
Tatuí Tatuí
12%
Uru Uru
12%
Vargem Vargem
12%
São Paulo Vila Leopoldina
12%
São Paulo Alto de Pinheiros
11%
Batatais Batatais
11%
Cardoso Cardoso
11%
Dourado Dourado
11%
Garça Garça
11%
São Sebastião Maresias
11%
Palestina Palestina
11%
Paulicéia Paulicéia
11%
Pirassununga Pirassununga
11%
Pompéia Pompéia
11%
Pontal Pontal
11%
Porto Feliz Porto Feliz
11%
Presidente Bernardes Presidente Bernardes
11%
Roseira Roseira
11%
Santa Lúcia Santa Lúcia
11%
São Bento do Sapucaí São Bento do Sapucaí
11%
Adolfo Adolfo
10%
Aguaí Aguaí
10%
Ariranha Ariranha
10%
Avaí Avaí
10%
Barrinha Barrinha
10%
Borá Borá
10%
Chavantes Chavantes
10%
Colômbia Colômbia
10%
Euclides da Cunha Paulista Euclides da Cunha Paulista
10%
Guaraci Guaraci
10%
São Paulo Jardim São Luís
10%
Mairinque Mairinque
10%
Monte Azul Paulista Monte Azul Paulista
10%
Ouro Verde Ouro Verde
10%
Presidente Alves Presidente Alves
10%
Itapetininga Varginha
10%
Anhembi Anhembi
9%
Areias Areias
9%
Borborema Borborema
9%
Brodowski Brodowski
9%
São Paulo Cangaiba
9%
Casa Branca Casa Branca
9%
Castilho Castilho
9%
Charqueada Charqueada
9%
São Paulo Cidade Ademar
9%
São Paulo Cidade Lider
9%
Colina Colina
9%
Cristais Paulista Cristais Paulista
9%
São Paulo Cursino
9%
Dracena Dracena
9%
Eldorado Eldorado
9%
Fernão Fernão
9%
Glicério Glicério
9%
Guararapes Guararapes
9%
Guararema Guararema
9%
Itatiba Itatiba
9%
Jaci Jaci
9%
Lagoinha Lagoinha
9%
Louveira Louveira
9%
Mococa Mococa
9%
Nazaré Paulista Nazaré Paulista
9%
Osvaldo Cruz Osvaldo Cruz
9%
Paraguaçu Paulista Paraguaçu Paulista
9%
Piratininga Piratininga
9%
Pitangueiras Pitangueiras
9%
Porto Ferreira Porto Ferreira
9%
São Paulo Raposo Tavares
9%
Restinga Restinga
9%
Rio das Pedras Rio das Pedras
9%
São Paulo Rio Pequeno
9%
Salesópolis Salesópolis
9%
Serra Azul Serra Azul
9%
Serrana Serrana
9%
Silveiras Silveiras
9%
Tambaú Tambaú
9%
Valparaíso Valparaíso
9%
Vargem Grande Paulista Vargem Grande Paulista
9%
São Paulo Vila Curuçá
9%
Zacarias Zacarias
9%
Águas da Prata Águas da Prata
8%
Araçariguama Araçariguama
8%
Barra Bonita Barra Bonita
8%
Bilac Bilac
8%
Bocaina Bocaina
8%
Capivari Capivari
8%
Cravinhos Cravinhos
8%
Iporanga Iporanga
8%
Itaoca Itaoca
8%
Itaporanga Itaporanga
8%
Itapura Itapura
8%
Itatinga Itatinga
8%
Ituverava Ituverava
8%
São Paulo Jaguara
8%
Jarinu Jarinu
8%
Laranjal Paulista Laranjal Paulista
8%
Lourdes Lourdes
8%
Lutécia Lutécia
8%
Martinópolis Martinópolis
8%
Mendonça Mendonça
8%
Monte Castelo Monte Castelo
8%
Novais Novais
8%
Nova Odessa Nova Odessa
8%
Oriente Oriente
8%
Paranapanema Paranapanema
8%
São Paulo Parque do Carmo
8%
Piquete Piquete
8%
Pirangi Pirangi
8%
Pirapora do Bom Jesus Pirapora do Bom Jesus
8%
São Paulo Ponte Rasa
8%
Queiroz Queiroz
8%
Santa Adélia Santa Rosa
8%
Santo Antônio do Pinhal Santo Antônio do Pinhal
8%
Santo Expedito Santo Expedito
8%
Taquaritinga Taquaritinga
8%
Terra Roxa Terra Roxa
8%
Tuiuti Tuiuti
8%
Piracicaba Tupi
8%
Turmalina Turmalina
8%
São Paulo Vila Andrade
8%
Agudos Agudos
7%
Barueri Aldeia
7%
Alto Alegre Alto Alegre
7%
Américo Brasiliense Américo Brasiliense
7%
Barbosa Barbosa
7%
Bastos Bastos
7%
Biritiba Mirim Biritiba Mirim
7%
Braúna Braúna
7%
Buritizal Buritizal
7%
Cabreúva Cabreúva
7%
Cajati Cajati
7%
Capão Bonito Capão Bonito
7%
Itapetininga Conceição
7%
Divinolândia Divinolândia
7%
Rubinéia Esmeralda
7%
Gália Gália
7%
Ibitinga Ibitinga
7%
Indiana Indiana
7%
Jardinópolis Jardinópolis
7%
Juquitiba Juquitiba
7%
São Paulo Mandaqui
7%
Nantes Nantes
7%
Orlândia Orlândia
7%
São Bernardo do Campo Riacho Grande
7%
Ribeirão Grande Ribeirão Grande
7%
Santa Clara d'Oeste Santa Clara d'Oeste
7%
Santa Rita do Passa Quatro Santa Rita do Passa Quatro
7%
Santa Salete Santa Salete
7%
Santo Anastácio Santo Anastácio
7%
Tabapuã Tabapuã
7%
Torre de Pedra Torre de Pedra
7%
Urupês Urupês
7%
Vera Cruz Vera Cruz
7%
São Paulo Vila Medeiros
7%
Águas de Santa Bárbara Águas de Santa Bárbara
6%
Araçoiaba da Serra Araçoiaba da Serra
6%
Artur Nogueira Artur Nogueira
6%
Bady Bassitt Bady Bassitt
6%
Bariri Bariri
6%
Cabrália Paulista Cabrália Paulista
6%
Cajuru Cajuru
6%
Canas Canas
6%
Cerqueira César Cerqueira César
6%
Cerquilho Cerquilho
6%
Conchal Conchal
6%
Estiva Gerbi Estiva Gerbi
6%
Guaíra Guaíra
6%
Igaratá Igaratá
6%
Itaju Itaju
6%
Jaborandi Jaborandi
6%
Joanópolis Joanópolis
6%
Macaubal Macaubal
6%
Miguelópolis Miguelópolis
6%
Monte Alegre do Sul Monte Alegre do Sul
6%
Monte Mor Monte Mor
6%
Morro Agudo Morro Agudo
6%
Neves Paulista Neves Paulista
6%
Nova Aliança Nova Aliança
6%
Nova Castilho Nova Castilho
6%
Nova Europa Nova Europa
6%
Nova Independência Nova Independência
6%
Pederneiras Pederneiras
6%
Pedregulho Pedregulho
6%
Pereiras Pereiras
6%
Pinhalzinho Pinhalzinho
6%
Piracaia Piracaia
6%
Porangaba Porangaba
6%
Saltinho Saltinho
6%
Santa Cruz do Rio Pardo Santa Cruz do Rio Pardo
6%
Santa Fé do Sul Santa Fé do Sul
6%
Santa Gertrudes Santa Gertrudes
6%
Santa Mercedes Santa Mercedes
6%
Lupércio Santa Terezinha
6%
São Lourenço da Serra São Lourenço da Serra
6%
São Manuel São Manuel
6%
São Miguel Arcanjo São Miguel Arcanjo
6%
São Simão São Simão
6%
Tabatinga Tabatinga
6%
Altinópolis Altinópolis
5%
Álvares Machado Álvares Machado
5%
Apiaí Apiaí
5%
Auriflama Auriflama
5%
Bálsamo Bálsamo
5%
Barra do Turvo Barra do Turvo
5%
Bom Jesus dos Perdões Bom Jesus dos Perdões
5%
Boracéia Boracéia
5%
Brejo Alegre Brejo Alegre
5%
Buritama Buritama
5%
Cafelândia Cafelândia
5%
Cândido Mota Cândido Mota
5%
Cedral Cedral
5%
Cesário Lange Cesário Lange
5%
Cordeirópolis Cordeirópolis
5%
Cosmópolis Cosmópolis
5%
Cosmorama Cosmorama
5%
Estrela d'Oeste Estrela d'Oeste
5%
General Salgado General Salgado
5%
Guarani d'Oeste Guarani d'Oeste
5%
Igarapava Igarapava
5%
Iperó Iperó
5%
Itararé Itararé
5%
Itariri Itariri
5%
Itirapina Itirapina
5%
Jacupiranga Jacupiranga
5%
Mogi das Cruzes Jundiapeba
5%
Juquiá Juquiá
5%
Marabá Paulista Marabá Paulista
5%
Mirassolândia Mirassolândia
5%
Panorama Panorama
5%
Paraibuna Paraibuna
5%
Pereira Barreto Pereira Barreto
5%
Piraju Piraju
5%
Poloni Poloni
5%
Rancharia Rancharia
5%
Ribeirão Bonito | Tejupá Ribeirão Bonito
5%
Santa Branca Santa Branca
5%
Santo Antônio de Posse Santo Antônio de Posse
5%
Lavínia Tabajara
5%
Tanabi Tanabi
5%
Teodoro Sampaio Teodoro Sampaio
5%
União Paulista União Paulista
5%
São Paulo Vila Jacuí
5%
Altair Altair
4%
Álvares Florence Álvares Florence
4%
Analândia Analândia
4%
Angatuba Angatuba
4%
Anhumas Anhumas
4%
Aramina Aramina
4%
Arapeí Arapeí
4%
Arco-Íris Arco-Íris
4%
Avanhandava Avanhandava
4%
Campinas Barão Geraldo
4%
Bofete Bofete
4%
Ribeirão Preto Bonfim Paulista
4%
Mogi das Cruzes Brás Cubas
4%
Caiuá Caiuá
4%
Cajobi Cajobi
4%
Capela do Alto Capela do Alto
4%
Cássia dos Coqueiros Cássia dos Coqueiros
4%
Cotia Caucaia do Alto
4%
Dois Córregos Dois Córregos
4%
Dumont Dumont
4%
Elias Fausto Elias Fausto
4%
Elisiário Elisiário
4%
Espírito Santo do Pinhal Espírito Santo do Pinhal
4%
Estrela do Norte Estrela do Norte
4%
Guaimbê Fátima
4%
Getulina Getulina
4%
Guaraçaí Guaraçaí
4%
Guariba Guariba
4%
Guzolândia Guzolândia
4%
Ibaté Ibaté
4%
Icém Icém
4%
Ipiguá Ipiguá
4%
Iracemápolis Iracemápolis
4%
Itaberá Itaberá
4%
Jambeiro Jambeiro
4%
Alto Alegre Jatobá
4%
João Ramalho João Ramalho
4%
Junqueirópolis Junqueirópolis
4%
Lucélia Lucélia
4%
Luís Antônio Luís Antônio
4%
Macedônia Macedônia
4%
Miracatu Miracatu
4%
Mira Estrela Mira Estrela
4%
Mirandópolis Mirandópolis
4%
Mirante do Paranapanema Mirante do Paranapanema
4%
Monte Aprazível Monte Aprazível
4%
Morungaba Morungaba
4%
Motuca Motuca
4%
Nhandeara Nhandeara
4%
Nova Canaã Paulista Nova Canaã Paulista
4%
Palmares Paulista Palmares Paulista
4%
Palmital Palmital
4%
Pardinho Pardinho
4%
Patrocínio Paulista Patrocínio Paulista
4%
Pedro de Toledo Pedro de Toledo
4%
Pindorama Pindorama
4%
Pirapozinho Pirapozinho
4%
Planalto Planalto
4%
Rafard Rafard
4%
Redenção da Serra Redenção da Serra
4%
Regente Feijó Regente Feijó
4%
Rifaina Rifaina
4%
Rincão Rincão
4%
Riolândia Riolândia
4%
Rubinéia Rubinéia
4%
Santa Adélia Santa Adélia
4%
São José dos Campos São Francisco Xavier
4%
São Luiz do Paraitinga São Luiz do Paraitinga
4%
Taquaral Taquaral
4%
Uchoa Uchoa
4%
Guarujá Vicente de Carvalho
4%
Fernando Prestes Agulha
3%
Alambari Alambari
3%
Alfredo Marcondes Alfredo Marcondes
3%
Álvaro de Carvalho Álvaro de Carvalho
3%
Alvinlândia Alvinlândia
3%
Américo de Campos Américo de Campos
3%
Aparecida d'Oeste Aparecida d'Oeste
3%
Arandu Arandu
3%
Arealva Arealva
3%
Aspásia Aspásia
3%
Balbinos Balbinos
3%
Barra do Chapéu Barra do Chapéu
3%
Bernardino de Campos Bernardino de Campos
3%
Boa Esperança do Sul Boa Esperança do Sul
3%
Borebi Borebi
3%
Caconde Caconde
3%
Caiabu Caiabu
3%
Campina do Monte Alegre Campina do Monte Alegre
3%
Cândido Rodrigues Cândido Rodrigues
3%
Canitar Canitar
3%
Elias Fausto Cardeal
3%
Catiguá Catiguá
3%
Embu-Guaçu Cipó-Guaçu
3%
Coroados Coroados
3%
Corumbataí Corumbataí
3%
Cruzália Cruzália
3%
Descalvado Descalvado
3%
Dirce Reis Dirce Reis
3%
Dobrada Dobrada
3%
Dolcinópolis Dolcinópolis
3%
Duartina Duartina
3%
Echaporã Echaporã
3%
Emilianópolis Emilianópolis
3%
Engenheiro Coelho Engenheiro Coelho
3%
Espírito Santo do Turvo Espírito Santo do Turvo
3%
São José dos Campos Eugênio de Melo
3%
Fartura Fartura
3%
Fernando Prestes Fernando Prestes
3%
Flora Rica Flora Rica
3%
Floreal Floreal
3%
Flórida Paulista Flórida Paulista
3%
Florínea Florínea
3%
Gabriel Monteiro Gabriel Monteiro
3%
Gastão Vidigal Gastão Vidigal
3%
Gavião Peixoto Gavião Peixoto
3%
Guaimbê Guaimbê
3%
Guapiaçu Guapiaçu
3%
Guarantã Guarantã
3%
Ribeirão Bonito Guarapiranga
3%
Guareí Guareí
3%
Guatapará Guatapará
3%
Herculândia Herculândia
3%
Iacanga Iacanga
3%
Iacri Iacri
3%
Iaras Iaras
3%
Ibirarema Ibirarema
3%
Iepê Iepê
3%
Indiaporã Indiaporã
3%
Ipaussu Ipaussu
3%
Ipeúna Ipeúna
3%
Ipuã Ipuã
3%
Irapuã Irapuã
3%
Irapuru Irapuru
3%
Itapirapuã Paulista Itapirapuã Paulista
3%
Itobi Itobi
3%
Monte Aprazível Junqueira
3%
Lavínia Lavínia
3%
Lavrinhas Lavrinhas
3%
Magda Magda
3%
Manduri Manduri
3%
Maracaí Maracaí
3%
Marapoama Marapoama
3%
Mariápolis Mariápolis
3%
Mineiros do Tietê Mineiros do Tietê
3%
Mombuca Mombuca
3%
Monções Monções
3%
Murutinga do Sul Murutinga do Sul
3%
Narandiba Narandiba
3%
Natividade da Serra Natividade da Serra
3%
Nipoã Nipoã
3%
Cândido Mota Nova Alexandria
3%
Itápolis Nova América
3%
Campinas Nova Aparecida
3%
Nova Campina Nova Campina
3%
Nova Granada Nova Granada
3%
Nuporanga Nuporanga
3%
Ocauçu Ocauçu
3%
Óleo Óleo
3%
Onda Verde Onda Verde
3%
Orindiúva Orindiúva
3%
Ouroeste Ouroeste
3%
Palmeira d'Oeste Palmeira d'Oeste
3%
Ilhabela Paranabi
3%
Pariquera-Açu Pariquera-Açu
3%
Paulistânia Paulistânia
3%
Paulo de Faria Paulo de Faria
3%
Pedra Bela Pedra Bela
3%
Pedranópolis Pedranópolis
3%
Pedrinhas Paulista Pedrinhas Paulista
3%
Pilar do Sul Pilar do Sul
3%
Pirajuí Pirajuí
3%
Pongaí Pongaí
3%
Pontes Gestal Pontes Gestal
3%
Populina Populina
3%
Potim Potim
3%
Potirendaba Potirendaba
3%
Pradópolis Pradópolis
3%
Promissão Promissão
3%
Quadra Quadra
3%
Quatá Quatá
3%
Ribeirão Corrente Ribeirão Corrente
3%
Ribeirão dos Índios Ribeirão dos Índios
3%
Ribeirão do Sul Ribeirão do Sul
3%
Rinópolis Rinópolis
3%
Rubiácea Rubiácea
3%
Sagres Sagres
3%
Sales Oliveira Sales Oliveira
3%
Salto de Pirapora Salto de Pirapora
3%
Salto Grande Salto Grande
3%
Santa Ernestina Santa Ernestina
3%
Santa Maria da Serra Santa Maria da Serra
3%
Santa Rita d'Oeste Santa Rita d'Oeste
3%
Santo Antônio da Alegria Santo Antônio da Alegria
3%
Santo Antônio do Aracanguá Santo Antônio do Aracanguá
3%
São José da Bela Vista São José da Bela Vista
3%
São José do Barreiro São José do Barreiro
3%
São Pedro do Turvo São Pedro do Turvo
3%
Sarapuí Sarapuí
3%
Sarutaiá Sarutaiá
3%
Sebastianópolis do Sul Sebastianópolis do Sul
3%
Campinas Souzas
3%
Sud Mennucci Sud Mennucci
3%
Suzanápolis Suzanápolis
3%
Taiaçu Taiaçu
3%
Taiúva Taiúva
3%
São José do Rio Preto Talhado
3%
Tapiraí Tapiraí
3%
Tarumã Tarumã
3%
Torrinha Torrinha
3%
Tupi Paulista Tupi Paulista
3%
Ubirajara Ubirajara
3%
Urânia Urânia
3%
Vitória Brasil Vitória Brasil
3%
Rio Claro Ajapi
2%
Areiópolis Areiópolis
2%
Barão de Antonina Barão de Antonina
2%
Bento de Abreu Bento de Abreu
2%
Bom Sucesso de Itararé Bom Sucesso de Itararé
2%
Bebedouro Botafogo
2%
Campo Limpo Paulista Botujuru
2%
Araraquara Bueno de Andrada
2%
Ilhabela Cambaquara
2%
Cunha Campos de Cunha
2%
Campos Novos Paulista Campos Novos Paulista
2%
Santo André Capuava
2%
Poá Cidade Kemel
2%
Clementina Clementina
2%
Coronel Macedo Coronel Macedo
2%
Mirante do Paranapanema Cuiabá Paulista
2%
Embaúba Embaúba
2%
Regente Feijó Espigão
2%
Guaiçara Guaiçara
2%
Guapiara Guapiara
2%
Igaraçu do Tietê Igaraçu do Tietê
2%
Inúbia Paulista Inúbia Paulista
2%
Itajobi Itajobi
2%
Itapuí Itapuí
2%
Itirapuã Itirapuã
2%
Jeriquara Jeriquara
2%
Cajamar Jordanésia
2%
Júlio Mesquita Júlio Mesquita
2%
Jumirim Jumirim
2%
Lupércio Lupércio
2%
Macatuba Macatuba
2%
São Roque Mailasqui
2%
Marinópolis Marinópolis
2%
Meridiano Meridiano
2%
Mesópolis Mesópolis
2%
Paranapuã Paranapuã
2%
Parapuã Parapuã
2%
Piacatu Piacatu
2%
Piquerobi Piquerobi
2%
Teodoro Sampaio Planalto do Sul
2%
Pracinha Pracinha
2%
Pratânia Pratânia
2%
Quintana Quintana
2%
Taubaté Quiririm
2%
Reginópolis Reginópolis
2%
Salmourão Salmourão
2%
Sandovalina Sandovalina
2%
Santa Albertina Santa Albertina
2%
Santa Cruz da Conceição Santa Cruz da Conceição
2%
Santa Cruz da Esperança Santa Cruz da Esperança
2%
Santa Cruz das Palmeiras Santa Cruz das Palmeiras
2%
Santana da Ponte Pensa Santana da Ponte Pensa
2%
Santa Rosa de Viterbo Santa Rosa de Viterbo
2%
Santo Antônio do Jardim Santo Antônio do Jardim
2%
Santópolis do Aguapeí Santópolis do Aguapeí
2%
Sete Barras Sete Barras
2%
Severínia Severínia
2%
Praia Grande Solemar
2%
Taquarituba Taquarituba
2%
Mairiporã Terra Preta
2%
Bauru Tibiriçá
2%
Timburi Timburi
2%
Trabiju Trabiju
2%
Turiúba Turiúba
2%
Valentim Gentil Valentim Gentil
2%
Araraquara Vila Xavier
2%
Viradouro Viradouro
2%
Vista Alegre do Alto Vista Alegre do Alto
2%
Rancharia Agissê
1%
São Carlos Água Vermelha
1%
Carapicuíba Aldeia de Carapicuíba
1%
Iacri Anápolis
1%
Amparo Arcadas
1%
Cananéia Ariri
1%
Piracicaba Artemis
1%
Sud Mennucci Bandeirantes D'Oeste
1%
Itapira Barão Ataliba Nogueira
1%
Piracaia Batatuba
1%
São Carlos Bela Vista São-Carlense
1%
Mogi das Cruzes Biritiba-Ussu
1%
Álvares Florence Boa Vista dos Andradas
1%
Suzano Boa Vista Paulista
1%
Santa Adélia Botelho
1%
Fernandópolis Brasitânia
1%
Presidente Epitácio Campinal
1%
Pontal Cândia
1%
Santa Cruz do Rio Pardo Clarínia
1%
Sertãozinho Cruz das Posses
1%
Palestina Duplo Céu
1%
Itapira Eleutério
1%
Presidente Prudente Eneida
1%
São José do Rio Preto Engenheiro Schmidt
1%
Turmalina Fátima Paulista
1%
Presidente Prudente Floresta do Sul
1%
Rancharia Gardênia
1%
Lins Guapiranga
1%
Barretos Ibitu
1%
Nhandeara Ida Iolanda
1%
Chavantes Irapé
1%
Eldorado Itapeúna
1%
Dracena Jaciporã
1%
Garça Jafa
1%
Barueri Jardim Belval
1%
Guarulhos Jardim Presidente Dutra
1%
Barueri Jardim Silveira
1%
Campinas Joaquim Egídio
1%
Jardinópolis Jurucê
1%
Itatinga Lobo
1%
Lucianópolis Lucianópolis
1%
Luiziânia Luiziânia
1%
Mogi Mirim Martim Francisco
1%
Presidente Prudente Montalvão
1%
Pindamonhangaba Moreira César
1%
Monte Alegre do Sul Mostardas
1%
Nova Guataporanga Nova Guataporanga
1%
Nova Luzitânia Nova Luzitânia
1%
Nova Granada Onda Branca
1%
Oscar Bressane Oscar Bressane
1%
Suzano Palmeiras de São Paulo
1%
Parisi Parisi
1%
Tupã Parnaso
1%
Jacareí Parque Meia Lua
1%
Pompéia Paulópolis
1%
Ubatuba Picinguaba
1%
Guará Pioneiros
1%
Platina Platina
1%
Pontalinda Pontalinda
1%
Jaú Potunduva
1%
Mogi das Cruzes Quatinga
1%
Riversul Riversul
1%
Pindorama Roberto
1%
Botucatu Rubião Júnior
1%
Mirassol Ruilândia
1%
Mogi das Cruzes Sabaúna
1%
Sabino Sabino
1%
São Carlos Santa Eudóxia
1%
Ferraz de Vasconcelos Santo Antônio Paulista
1%
São João das Duas Pontes São João das Duas Pontes
1%
São João de Iracema São João de Iracema
1%
São João do Pau d'Alho São João do Pau d'Alho
1%
São Roque São João Novo
1%
Matão São Lourenço do Turvo
1%
São Sebastião da Grama São Sebastião da Grama
1%
Santa Cruz do Rio Pardo Sodrélia
1%
Taciba Taciba
1%
Taguaí Taguaí
1%
Mogi das Cruzes Taiaçupeba
1%
Itápolis Tapinas
1%
Tapiratiba Tapiratiba
1%
Taquarivaí Taquarivaí
1%
Tarabai Tarabai
1%
Tejupá Tejupá
1%
Três Fronteiras Três Fronteiras
1%
Amparo Três Pontes
1%
Ubarana Ubarana
1%
Tupã Universo
1%
Tupã Varpa
1%
Tejupá Águas Virtuosas
0%
Barretos Alberto Moreira
0%
Lençóis Paulista Alfredo Guedes
0%
Itapeva Alto da Brancal
0%
Pedregulho Alto Porã
0%
Marília Amadeu Amaral
0%
Mirandópolis Amandaba
0%
Presidente Prudente Ameliópolis
0%
Itariri Ana Dias
0%
São Manuel Aparecida de São Manuel
0%
Santa Rita d'Oeste Aparecida do Bonito
0%
Monte Alto Aparecida do Monte Alto
0%
Capão Bonito Apiaí-Mirim
0%
Buri Aracaçu
0%
Apiaí Araçaíba
0%
Presidente Bernardes Araxãs
0%
Itapeva | Ubirajara Areia Branca
0%
Rio Claro Assistência
0%
Flórida Paulista Atlântida
0%
Marília Avencas
0%
Iperó Bacaetava
0%
Cafelândia Bacuriti
0%
Olímpia Baguaçu
0%
Natividade da Serra Bairro Alto
0%
Juquitiba Barnabés
0%
Neves Paulista Barra Dourada
0%
Caconde Barrânia
0%
Óleo Batista Botelho
0%
Caiabu Boa Esperança d'Oeste
0%
Cabreúva Bom Fim do Bom Jesus
0%
Angatuba Bom Retiro da Esperança
0%
Eldorado Braço
0%
Pirassununga Cachoeira de Emas
0%
Cafelândia Cafesópolis
0%
Ibitinga Cambaratiba
0%
Divinolândia Campestrinho
0%
Ribeirão Branco Campina de Fora
0%
São Roque Canguera
0%
Ituverava Capivari da Mata
0%
Santa Cruz do Rio Pardo Caporanga
0%
São Luiz do Paraitinga Catuçaba
0%
Mogi das Cruzes Cezar de Souza
0%
Sarapuí Cocaes
0%
Paraguaçu Paulista Conceição de Monte Alegre
0%
Álvares Machado Coronel Goulart
0%
Pirajuí Corredeira
0%
Jaboticabal Córrego Rico
0%
Mirante do Paranapanema Costa Machado
0%
Tabatinga Curupá
0%
Palmeira d'Oeste Dalas
0%
Marília Dirceu
0%
Agudos Domélia
0%
Monte Aprazível Engenheiro Balduíno
0%
Itaberá Engenheiro Maia
0%
Cesário Lange Fazenda Velha
0%
Cândido Mota Frutal do Campo
0%
São Miguel Arcanjo Gramadão
0%
Itapetininga Gramadinho
0%
Martinópolis Guachos
0%
Piracicaba Guamium
0%
Dois Córregos Guarapuã
0%
Presidente Alves Guaricanga
0%
Taquaritinga Guariroba
0%
Itapeva Guarizinho
0%
Tanabi Ibiporanga
0%
Piracicaba Ibitiruna
0%
Pitangueiras Ibitiúva
0%
Pedregulho Igaçaba
0%
Mococa Igaraí
0%
Flórida Paulista Indaiá do Aguapeí
0%
Nova Granada Ingás
0%
Ribeirão Branco Itabôa
0%
Monte Aprazível Itaiúba
0%
Nova Campina Itaoca de Cima
0%
Itirapina Itaqueri da Serra
0%
Pirapozinho Itororó do Paranapanema
0%
Caiabu Iubatinga
0%
Arealva Jacuba
0%
Dracena Jamaica
0%
Ribeirão Pires Jardim Santa Luzia
0%
Herculândia Juliânia
0%
Conchas Juquiratiba
0%
Glicério Juritis
0%
Palestina Jurupeba
0%
Taquaritinga Jurupema
0%
Marília Lácio
0%
Apiaí Lageado de Araçaíba
0%
Osvaldo Cruz Lagoa Azul
0%
Casa Branca Lagoa Branca
0%
Laranjal Paulista Laras
0%
Clementina Lauro Penteado
0%
Jaboticabal Lusitânia
0%
Getulina Macucos
0%
Santo Antônio do Aracanguá Major Prado
0%
Nova Granada Mangaratu
0%
Monte Azul Paulista Marcondésia
0%
Laranjal Paulista Maristela
0%
Mogi Guaçu Martinho Prado Júnior
0%
Neves Paulista Miraluz
0%
Cajobi Monte Verde Paulista
0%
Itapetininga Morro do Alto
0%
Mariápolis Mourão
0%
Avaí Nogueira
0%
Salesópolis Nossa Senhora do Remédio
0%
Itajobi Nova Cardoso
0%
Nova Aliança Nova Itapirema
0%
Presidente Bernardes Nova Pátria
0%
Sumaré Nova Veneza
0%
Pompéia Novo Cravinhos
0%
Tupi Paulista Oásis
0%
Miracatu Oliveira Barros
0%
Ribeirão Pires Ouro Fino Paulista
0%
Marília Padre Nóbrega
0%
Apiaí Palmitalzinho
0%
Charqueada Paraisolândia
0%
Ibiúna Paruru
0%
Itararé Pedra Branca de Itararé
0%
Miracatu Pedro Barros
0%
Anhembi Pirambóia
0%
Cajamar Polvilho
0%
Caraguatatuba Porto Novo
0%
Pirajuí Pradínia
0%
General Salgado Prudêncio e Moraes
0%
Itapetininga Rechan
0%
Olímpia Ribeiro dos Santos
0%
Guararapes Ribeiro do Vale
0%
Tapiraí Rio Turvo
0%
Marília Rosália
0%
Paraguaçu Paulista Roseta
0%
Getulina Santa América
0%
Santa Rita do Passa Quatro Santa Cruz da Estrela
0%
Itararé Santa Cruz dos Lopes
0%
Pedranópolis Santa Isabel do Marinheiro
0%
Ferraz de Vasconcelos Santa Margarida Paulista
0%
Promissão Santa Maria do Gurupá
0%
Miracatu Santa Rita do Ribeira
0%
Piracicaba Santa Teresinha de Piracicaba
0%
Pederneiras Santelmo
0%
Pirajuí Santo Antônio da Estiva
0%
Cândido Mota Santo Antônio doParanapanema
0%
Ituverava São Benedito da Cachoeirinha
0%
Mococa São Benedito das Areias
0%
Manduri São Berto
0%
São Sebastião São Francisco da Praia
0%
Urupês São João de Itaguaçu
0%
Cardoso São João do Marinheiro
0%
Maracaí São José das Laranjeiras
0%
Alto Alegre São Martinho d'Oeste
0%
Águas da Prata São Roque da Fartura
0%
Bofete São Roque Novo
0%
Brotas São Sebastião da Serra
0%
Jacareí São Silvestre de Jacareí
0%
Paraguaçu Paulista Sapezal
0%
Cafelândia Simões
0%
Votuporanga Simonsen
0%
Altair Suinana
0%
Palmital Sussuí
0%
Martinópolis Teçaindá
0%
Ibirá Termas de Ibirá
0%
Santa Mercedes Terra Nova d'Oeste
0%
Piraju Tibiriçá do Paranapanema
0%
Itaberá Tomé
0%
Mirandópolis Três Alianças
0%
Conchal Tujuguaba
0%
Itapetininga Tupy
0%
Itaberá Turiba do Sul
0%
Bebedouro Turvínia
0%
Santa Adélia Ururaí
0%
Novo Horizonte Vale Formoso
0%
Pederneiras Vanglória
0%
Vargem Grande do Sul Vargem Grande do Sul
0%
Casa Branca Venda Branca
0%
Santo Antônio do Aracanguá Vicentinópolis
0%
Carapicuíba Vila Dirce
0%
São Carlos Vila Nery
0%
Botucatu Vitoriana
0%
Nenhum quiz correspondente encontrado
Distribuição das Pontuações
Porcentagem de Pessoas com Cada Pontuação
Percentil de Números Respondidos
Sua Pontuação Histórica
Você não jogou esse quiz